Acteurs et actrices des années 1960 par images #2 - Statistiques

Statistiques générales
  • Ce quiz a été pris 120 fois
    119 depuis la dernière actualisation
  • Le résultat moyen est 10 sur 20
Statistiques - réponses
Par images Réponse % Correct
Bourvil
94%
Clint Eastwood
89%
Lino Ventura
85%
Michel Galabru
79%
Romy Schneider
76%
Bernard Blier
74%
Jean Lefebvre
64%
Annie Girardot
56%
Marie Laforêt
53%
Marcello Mastroianni
50%
Jeanne Moreau
49%
Anthony Perkins
48%
Peter O'Toole
45%
Mylène Demongeot
35%
Anouk Aimée
31%
Robert Vaughn
25%
Raquel Welch
19%
Richard Burton
16%
Vanessa Redgrave
10%
Patricia Neal
3%
Aucun quiz correspondant
Distribution des résultats
% des personnes avec chaque résultat
Percentile par nombre de réponses
Votre historique - résultats
Vous n’avez pas pris ce quiz depuis la dernière actualisation